Statistics for Countries with Cities with New Metro Systems Under Construction

Click here to take the quiz!

General Stats

  • This quiz has been taken 298 times
    (163 since last reset)
  • The average score is 11 of 16

Answer Stats

#CountryCities% Correct
1United StatesHonolulu
99%
7ChinaGuilin, Jinhua, Liuzhou, Nantong, Qingyuan, Shantou, Taizhou
98%
7IndiaAgra, Bhopal, Indore, Navi Mumbai, Patna, Pune, Surat
90%
1RussiaChelyabinsk
87%
2TurkeyGebze, Mersin
78%
1
Saudi Arabia
Riyadh
76%
4IranAhvaz, Karaj, Kermanshah, Qom
76%
1VietnamHo Chi Minh City
74%
1BangladeshDhaka
67%
1NigeriaLagos
67%
1ColombiaBogota
64%
1TaiwanNew Taipei
59%
1GreeceThessaloniki
54%
1EcuadorQuito
34%
1SerbiaBelgrade
31%
1Ivory CoastAbidjan
19%

Score Distribution

Percentile by Number Answered

Percent of People with Each Score

Your Score History

You have not taken this quiz since the last reset